The political outsider : (Record no. 751579)

MARC details
000 -LEADER
fixed length control field 02396cam a22002298i 4500
020 ## - INTERNATIONAL STANDARD BOOK NUMBER
ISBN 9781503637993
082 00 - DEWEY DECIMAL CLASSIFICATION NUMBER
Classification number 320.454 09 ROY/P
100 1# - MAIN ENTRY--AUTHOR NAME
Personal name Roy, Srirupa,
245 14 - TITLE STATEMENT
Title The political outsider :
Sub Title Indian democracy and the lineages of populism /
Statement of responsibility, etc by Srirupa Roy.
246 30 - VARYING FORM OF TITLE
Title proper/short title Indian democracy and the lineages of populism
260 ## - PUBLICATION, DISTRIBUTION, ETC. (IMPRINT)
Place of publication . - New Delhi
Name of publisher : Navayama publishing house
Year of publication , 2024
300 ## - PHYSICAL DESCRIPTION
Number of Pages 1 online resource
490 0# - SERIES STATEMENT
Series statement South Asia in motion
504 ## - BIBLIOGRAPHY, ETC. NOTE
Bibliography, etc Includes bibliographical references and index.
505 0# - FORMATTED CONTENTS NOTE
Formatted contents note Introduction : curative democracy and the political outsider -- New politics -- Transformational media -- The long emergency -- Outsider agency -- Crooked lines.
520 ## - SUMMARY, ETC.
Summary, etc "Defying the dire predictions that attended its birth as an independent nation-state in 1947, the Indian republic is more than seventy-five years old. But it is equally a place where criticisms of actually existing democracy are intense and strident. In recent years, the trope of victimized people suffering at the hands of a predatory elite and political dysfunction has reaped rewards. The populist language of redemptive outsiders who will combat a corrupt system has been harnessed in successful electoral campaigns, such as the majoritarian regime of Narendra Modi. Tracking the shift from postcolonial nation-building to democracy-rebuilding, Srirupa Roy shows how the political outsider came to be a valorized figure of late-twentieth century Indian democracy, tasked with the urgent mission of curing a broken democratic system - what Roy terms "curative democracy." Drawing attention to an ambivalent political field that folds together authoritarian and democratic forms and ideas, Roy argues that the long 1970s were a crucial turning point in Indian politics, when democracy was suspended by the declaration of a national emergency and then subsequently restored. By tracing the crooked line that connects the ideals of curative democracy and the political outsider to the populist antipolitics and strongman authoritarian rule in present times, this book revisits democracy from India, and asks what the Indian experience tells us about the trajectory of global democratic politics"--
650 #0 - SUBJECT ADDED ENTRY--TOPICAL TERM
Topical Term Populism
Geographic subdivision India
650 #0 - SUBJECT ADDED ENTRY--TOPICAL TERM
Topical Term Democracy
Geographic subdivision India
650 #0 - SUBJECT ADDED ENTRY--TOPICAL TERM
Topical Term Authoritarianism
Geographic subdivision India
942 ## - ADDED ENTRY ELEMENTS (KOHA)
Source of classification or shelving scheme Dewey Decimal Classification
Koha item type Book
Holdings
Withdrawn status Lost status Source of classification or shelving scheme Damaged status Not for loan Home Library Current Location Date acquired Full call number Accession Number Price effective from Koha item type
    Dewey Decimal Classification     Dept. of Political Science Dept. of Political Science 03/03/2025 320.454 09 ROY/P POL23791 19/09/2025 Book